| 000 | 01429cam a22002773a 4500 | ||
|---|---|---|---|
| 001 | 13030 | ||
| 003 | PGUSA | ||
| 005 | 20140828083300.0 | ||
| 008 | 040726s2004||||xxu|||||s|||||000 | eng d | ||
| 040 |
_aPGUSA _beng |
||
| 042 | _adc | ||
| 050 | 4 | _aPT | |
| 245 | 1 | 4 |
_aThe German Classics of the Nineteenth and Twentieth Centuries, Volume 09 : _bFriedrich Hebbel and Otto Ludwig _h[electronic resource] |
| 260 |
_bProject Gutenberg, _c2004 |
||
| 505 | 0 | _aThe Life of Friedrich Hebbel. By William Guild Howard -- Hebbel: Maria Magdalena. -- Siegfried's Death. -- Anna. -- On Theodor Körner and Heinrich von Kleist. -- Ludolf Wienbarg's The Dramatists of the Present Day. -- Review of Heinrich von Kleist's Play, The Prince of Homburg, or The Battle of Fehrbellin. -- Recollections of My Childhood. (Extracts from the Journal of Friedrich Hebbel) -- The Life of Otto Ludwig. By Alexander R. Hohlfeld -- Ludwig: The Hereditary Forester. -- Between Heaven and Earth. | |
| 506 | _aPublic domain in the USA. | ||
| 516 | _aElectronic text | ||
| 653 | _aGerman literature -- 20th century -- Translations into English | ||
| 653 | _aGerman literature -- 19th century -- Translations into English | ||
| 700 | 1 |
_aHebbel, Friedrich, _d1813-1863 |
|
| 700 | 1 |
_aFrancke, Kuno, _d1855-1930 |
|
| 700 | 1 |
_aLudwig, Otto, _d1813-1865 |
|
| 830 | 0 |
_aProject Gutenberg _v13030 |
|
| 856 | 4 | 0 | _uhttp://www.gutenberg.org/ebooks/13030 |
| 942 | _cEB | ||
| 999 |
_c242285 _d242285 |
||